00426nam a2200121Ia 4500003000400000005001700004008004100021040001800062041000800080100005200088245013100140260003300271OSt20260227142632.0211028s2019 xx 000 0 und d cAIMIT LIBRARY aeng aPinto, Vishali Joylin; Wright, Rowena.g1716223 aImpact of job enrichment on employee motivation with reference to Mangalore Refinery and Petrochemical Ltd. (MRPL) Mangalore / aMangalorebSwapna Rosec2019